| 000 | 00701nam a2200277Ia 4500 | ||
|---|---|---|---|
| 005 | 20260324112538.0 | ||
| 008 | 008 260324s9999 xx 000 0 eng d | ||
| 020 | _a9781003450917 | ||
| 037 | _aEBOOK | ||
| 040 | _aCRL | ||
| 040 | _beng | ||
| 040 | _cCRL | ||
| 041 | _2eng | ||
| 041 | _aeng | ||
| 084 | _qCRL | ||
| 100 |
_aRekha Nair; Piyusha Somvanshi; Mahesh M Bundele _91143141 |
||
| 245 | 0 | _aRecent Advances in Green Technologies and Sustainable Development | |
| 260 | _bTaylor and Francis | ||
| 260 | _c2024 | ||
| 365 | _a | ||
| 365 | _b270 | ||
| 856 | _uhttp://www.taylorfrancis.com/books/9781003450917 | ||
| 942 | _cEBOOK | ||
| 999 |
_c1732389 _d1732389 |
||